Vplyv novely zákona o službách zamestnanosti na chránené dielne a výrobné družstvá invalidov

Enregistré dans:
Détails bibliographiques
Auteur principal: Gajdová, Denisa, 1977-
Format: Chapitre de livre
Langue:slovaque
Tags: Ajouter un tag
Pas de tags, Soyez le premier à ajouter un tag!

MARC

LEADER 00000nla a2200000 4500
001 0176933
005 20240502073021.5
041 0 |a slo 
044 |a SK 
245 1 0 |a Vplyv novely zákona o službách zamestnanosti na chránené dielne a výrobné družstvá invalidov  |c Denisa Gajdová 
500 |a Abstrakt 
100 1 |a Gajdová, Denisa, 1977-